[Event "83rd ESP-ch Women-ch 2018"]
[Site "Linares"]
[Date "2018.08.24"]
[Round "5"]
[White "Arizmendi Martinez, Julen Luis"]
[Black "Sanchez Jerez, Emilio Miguel"]
[Result "1-0"]
[WhiteElo "2507"]
[BlackElo "2246"]
[Annotator "TA"]
[EventDate "2018.08.09"]
[PlyCount "59"]
[EventType "tourn"]
[EventCountry "ESP"]

1. e4 Nc6 2. Nf3 d6 3. d4 Nf6 4. Nc3 g6 5. d5 Nb8 6. h3 Bg7 7. Bc4 O-O 8.
O-O c6 9. dxc6 Nxc6 10. Re1 Na5 $146 11. Bb3 Nxb3 12. axb3 Bd7 13. Nd5 Re8
14. c3 h6 15. Nxf6+ exf6 16. Qxd6 Bc6 17. Qxd8 Raxd8 18. Rxa7 f5 19. e5 g5
20. Be3 Bxf3 $1 21. gxf3 Rxe5 22. Kf1 Rb5 23. b4 $36 Bf8 24. Rea1 $18 Kg7
25. R1a5 Rdd5 $2 26. c4 Rxa5 27. bxa5 Rd1+ 28. Ke2 Ra1 29. Bd4+ Kg6 30. Bc3
1-0

[Event "83rd ESP-ch Women-ch 2018"]
[Site "Linares"]
[Date "2018.08.24"]
[Round "5"]
[White "Aroshidze, Levan"]
[Black "Moreno Ruiz, Javier"]
[Result "1-0"]
[WhiteElo "2504"]
[BlackElo "2450"]
[Annotator "TA"]
[EventDate "2018.08.09"]
[PlyCount "89"]
[EventType "tourn"]
[EventCountry "ESP"]

1. e4 c5 2. Nf3 e6 3. d4 cxd4 4. Nxd4 Nf6 5. Nc3 Nc6 6. Nxc6 bxc6 7. e5 Nd5
8. Ne4 Qc7 9. f4 Qa5+ 10. c3 Be7 11. Bd3 Qb6 12. Qe2 a5 13. c4 Qb4+ 14. Kf1
f5 15. Nf2 Nc7 $1 16. h4 $146 c5 17. Rh3 Qb6 18. Bd2 Bb7 19. Bc3 a4 20. Kg1
Qc6 21. Nd1 g6 22. Qf2 a3 23. b3 h6 24. Be2 Rg8 25. Bd2 Na6 26. Nc3 Nc7 27.
Rd1 $18 O-O-O 28. Bf3 Qa6 29. Bxb7+ Kxb7 30. Rd3 Qc6 31. Be3 g5 $2 32. Rd6
$1 Bxd6 33. Rxd6 gxf4 34. Rxc6 dxc6 35. Bxf4 Rg4 36. g3 Na6 37. Na4 Rd1+
38. Kh2 Ra1 39. Qd2 Rg7 40. Bxh6 Rh7 41. Be3 f4 42. Bxf4 Kc8 43. Kh3 Nb4
44. Nxc5 Nxa2 45. Bg5 1-0

[Event "83rd ESP-ch Women-ch 2018"]
[Site "Linares"]
[Date "2018.08.24"]
[Round "5"]
[White "Huerga Leache, Mikel"]
[Black "Esquivias Quintero, Luis Manuel"]
[Result "1-0"]
[WhiteElo "2451"]
[BlackElo "2260"]
[Annotator "TA"]
[EventDate "2018.08.09"]
[PlyCount "89"]
[EventType "tourn"]
[EventCountry "ESP"]

1. d4 Nf6 2. Nf3 e6 3. g3 c5 4. Bg2 cxd4 5. Nxd4 d5 6. O-O e5 7. Nb3 Nc6 8.
c4 d4 9. e3 d3 10. Nc3 Be6 11. Nd2 Bb4 $146 12. Qb3 Qa5 13. Nd5 $1 Rd8 14.
Nxb4 Nxb4 15. Qc3 $1 Qc5 16. b3 $1 Nc2 17. Rb1 Bf5 18. Bb2 e4 19. Qe5+ $1
Qxe5 20. Bxe5 Nd7 21. Bxg7 Rg8 22. Bd4 Nxd4 23. exd4 Nf6 24. d5 Kd7 25.
Rfe1 Rge8 26. h3 h5 27. Re3 $1 Kd6 28. f3 $18 exf3 29. Rxf3 Re5 30. Rbf1
Ne4 31. Rxd3 Ng5 32. Rd4 Bxh3 33. Bxh3 Nxh3+ 34. Kg2 Ng5 35. b4 Re2+ 36.
Rf2 $1 Rxf2+ 37. Kxf2 b5 $2 38. Ke3 Ke5 $2 39. c5 Rxd5 40. Nf3+ $1 Nxf3 41.
Rxd5+ $1 Kxd5 42. Kxf3 a5 43. a3 $1 axb4 44. axb4 Ke5 45. Kg2 1-0

[Event "83rd ESP-ch Women-ch 2018"]
[Site "Linares"]
[Date "2018.08.24"]
[Round "5"]
[White "Garriga Cazorla, Pere"]
[Black "Ayats Llobera, Gerard"]
[Result "1/2-1/2"]
[WhiteElo "2444"]
[BlackElo "2345"]
[Annotator "TA"]
[EventDate "2018.08.09"]
[PlyCount "60"]
[EventType "tourn"]
[EventCountry "ESP"]

1. Nf3 Nf6 2. c4 g6 3. b3 Bg7 4. Bb2 c5 5. g3 Nc6 6. Bg2 d6 7. d4 cxd4 8.
Nxd4 Bd7 9. O-O O-O 10. Nc3 Nxd4 11. Qxd4 Bc6 12. Qd3 Bxg2 13. Kxg2 Nd7 14.
Rfd1 $146 a6 15. Rac1 b5 16. cxb5 axb5 17. Qxb5 Bxc3 18. Bxc3 Rxa2 19. Bd4
Qa8+ 20. Kg1 Ne5 21. Ra1 Rxa1 22. Rxa1 Qc6 23. Qa5 Qe4 24. Bxe5 dxe5 $11
25. Qc7 Qxe2 26. Qxe7 Rb8 27. Qf6 Qb2 28. Re1 Qxb3 29. Qxe5 Qb5 30. h4 Qxe5
1/2-1/2

[Event "83rd ESP-ch Women-ch 2018"]
[Site "Linares"]
[Date "2018.08.24"]
[Round "5"]
[White "Cruz Lledo, Pablo"]
[Black "Perez Candelario, Manuel"]
[Result "1/2-1/2"]
[WhiteElo "2432"]
[BlackElo "2611"]
[Annotator "TA"]
[EventDate "2018.08.09"]
[PlyCount "64"]
[EventType "tourn"]
[EventCountry "ESP"]

1. d4 d6 2. Nf3 g6 3. g3 Bg7 4. Bg2 Nd7 5. O-O e5 6. dxe5 dxe5 7. Qd3 Ngf6
8. Qa3 $146 Qe7 9. Qxe7+ Kxe7 10. Nc3 c6 11. Rd1 Ne8 12. Nd2 f5 13. e4 f4
14. b3 g5 15. Ba3+ Kf7 16. Bh3 Nb6 17. Bxc8 Rxc8 18. Na4 Nxa4 19. bxa4 Rc7
20. a5 Bf6 21. Nc4 Ke6 22. Bc5 a6 23. Rab1 h5 24. Nd6 Be7 $1 $11 25. Nxe8
Rxe8 26. Bb6 Rd7 27. c4 Rxd1+ $17 28. Rxd1 f3 29. Rd3 $11 g4 30. h4 Bd6 31.
c5 Be7 32. Kf1 Rc8 1/2-1/2

[Event "83rd ESP-ch Women-ch 2018"]
[Site "Linares"]
[Date "2018.08.24"]
[Round "5"]
[White "Ladron de Guevara Pinto, Paolo"]
[Black "Del Rio de Angelis, Salvador Gabriel"]
[Result "0-1"]
[WhiteElo "2424"]
[BlackElo "2525"]
[Annotator "TA"]
[EventDate "2018.08.09"]
[PlyCount "78"]
[EventType "tourn"]
[EventCountry "ESP"]

1. e4 Nf6 2. e5 Nd5 3. c4 Nb6 4. d4 d6 5. f4 Bf5 6. Nc3 e6 7. Be3 Be7 8.
Nf3 O-O 9. Be2 dxe5 10. fxe5 Nc6 11. O-O f6 12. exf6 Bxf6 13. Qd2 Qe7 14.
Rad1 Rad8 15. Qc1 e5 16. d5 Nd4 $1 17. Bxd4 exd4 18. Nxd4 Bg5 19. Nxf5 $146
Qc5+ $19 20. Kh1 Bxc1 21. Rxc1 Rde8 22. b3 Nc8 23. h3 g6 24. Ng3 Rxf1+ 25.
Rxf1 Qe3 26. Rf3 Qc1+ 27. Kh2 Re3 28. Nce4 Rxf3 29. Bxf3 b6 30. h4 Qf4 31.
Kh3 Nd6 32. c5 bxc5 33. Nxc5 Nf5 34. Nxf5 Qxf5+ 35. Bg4 Qc2 36. Ne6 a5 37.
Bf3 Qf5+ 38. Kh2 c6 $1 39. Nd8 Qe5+ 0-1

[Event "83rd ESP-ch Women-ch 2018"]
[Site "Linares"]
[Date "2018.08.24"]
[Round "5"]
[White "Suarez Uriel, Adrian"]
[Black "Galiana Fernandez, Adrian"]
[Result "1-0"]
[WhiteElo "2391"]
[BlackElo "2291"]
[TimeControl "40/5400+30:1800+30"]
[Annotator "NA"]
[EventDate "2018.08.09"]
[PlyCount "55"]
[EventType "tourn"]
[EventCountry "ESP"]

1. e4 c5 2. Nf3 d6 3. Nc3 Nc6 4. d4 cxd4 5. Nxd4 Nf6 6. Bc4 e6 7. Be3 Be7
8. Qe2 O-O 9. O-O-O Qc7 10. Kb1 a6 11. Bb3 b5 12. g4 b4 13. Na4 Bb7 14.
Nxe6 fxe6 15. Bxe6+ Kh8 16. g5 Nxe4 17. Bb6 Qb8 18. Qxe4 Ne5 19. Bd5 Bxd5
20. Qxd5 Bxg5 21. Rhg1 Bf4 22. Qg2 Ng6 23. Bd4 Be5 24. Bxe5 dxe5 25. Nc5
Qc7 26. Ne6 Qa7 27. Nxf8 Rxf8 28. Qh3 1-0

[Event "83rd ESP-ch Women-ch 2018"]
[Site "Linares"]
[Date "2018.08.24"]
[Round "5"]
[White "Matnadze, Ana"]
[Black "Garcia Garcia, Adrian Antonio"]
[Result "1/2-1/2"]
[WhiteElo "2378"]
[BlackElo "2179"]
[TimeControl "40/5400+30:1800+30"]
[Annotator "NA"]
[EventDate "2018.08.09"]
[PlyCount "75"]
[EventType "tourn"]
[EventCountry "ESP"]

1. Nf3 f5 2. g3 Nf6 3. d4 g6 4. Bg2 Bg7 5. O-O d5 6. c4 e6 7. b3 O-O 8. Bb2
Ne4 9. Ne1 c6 10. e3 Nd7 11. Nd3 b6 $146 12. Qc2 Bb7 13. a4 g5 14. a5 bxa5
15. f3 Nef6 16. Nc3 Qc7 17. Rfc1 Rac8 18. Na4 Ba8 19. f4 Ne4 20. Bxe4 dxe4
21. Ndc5 Rce8 22. fxg5 Nxc5 23. Nxc5 e5 24. dxe5 Bxe5 25. Rd1 Rf7 26. Bc3
Bxg3 $2 27. Na6 $18 Qb6 28. c5 Qxa6 29. hxg3 Qb7 30. Qd2 Qc7 31. Kg2 Rb8
32. Qd4 Kf8 33. Rxa5 f4 34. gxf4 Rxb3 35. Qh8+ Ke7 36. Rd6 Rxc3 37. Qxc3
Kf8 38. Qh8+ 1/2-1/2

[Event "83rd ESP-ch Women-ch 2018"]
[Site "Linares"]
[Date "2018.08.24"]
[Round "5"]
[White "Bernabeu Lopez, Carlos Javier"]
[Black "Asis Gargatagli, Hipolito"]
[Result "0-1"]
[WhiteElo "2360"]
[BlackElo "2515"]
[Annotator "TA"]
[EventDate "2018.08.09"]
[PlyCount "40"]
[EventType "tourn"]
[EventCountry "ESP"]

1. e4 c5 2. Nf3 d6 3. d4 cxd4 4. Nxd4 Nf6 5. f3 Nc6 6. c4 Qb6 7. Nc2 e6 8.
Nc3 Be7 9. Rb1 O-O 10. Be3 Qc7 11. Be2 Rd8 12. Nb5 Qb8 13. Qd2 a6 14. Nbd4
$146 Ne5 15. O-O Bd7 16. Qb4 Ng6 17. Qb3 d5 18. exd5 e5 $19 19. d6 $2 Bxd6
20. c5 exd4 0-1

[Event "83rd ESP-ch Women-ch 2018"]
[Site "Linares"]
[Date "2018.08.24"]
[Round "5"]
[White "Sanchez Aller, Fernando"]
[Black "Silva Rodriguez, Fernando"]
[Result "1/2-1/2"]
[WhiteElo "2345"]
[BlackElo "2239"]
[TimeControl "40/5400+30:1800+30"]
[Annotator "ChessBase"]
[EventDate "2018.08.09"]
[PlyCount "98"]
[EventType "tourn"]
[EventCountry "ESP"]

1. e4 e5 2. Nf3 Nc6 3. Nc3 Nf6 4. d4 exd4 5. Nxd4 Bb4 6. Nxc6 bxc6 7. Bd3
d5 8. exd5 cxd5 9. O-O O-O 10. Bg5 c6 11. Na4 Be6 12. Rc1 h6 13. Bh4 Be7
14. Re1 Nd7 15. Bxe7 Qxe7 16. c4 Rfc8 17. cxd5 cxd5 18. Bc2 Qd6 19. Qd3 Nf6
20. Bb3 Rc7 21. Rxc7 Qxc7 22. Qd4 Rc8 23. f3 Qa5 24. Rd1 Kf8 25. Nc3 Rd8
26. Kf2 Rd7 27. g4 Kg8 28. h4 Qd8 29. g5 hxg5 30. hxg5 Ne8 31. Qh4 Qb6+ 32.
Kg2 d4 33. Bxe6 Qxb2+ 34. Kg3 fxe6 35. Rxd4 Nd6 36. Rxd6 Rxd6 37. Qh5 Rd8
38. Ne4 Qe5+ 39. Kg2 Rb8 40. Qg6 Kf8 41. Ng3 Ke7 42. f4 Qb2+ 43. Kh3 Rh8+
44. Kg4 Qd4 45. Qc2 Rd8 46. Qc7+ Rd7 47. Qb8 Rd8 48. Qc7+ Rd7 49. Qb8 Rd8
1/2-1/2

[Event "83rd ESP-ch Women-ch 2018"]
[Site "Linares"]
[Date "2018.08.24"]
[Round "5"]
[White "Alshameary Puente, Ismael"]
[Black "Rodriguez Perez, Angel Mariano"]
[Result "1/2-1/2"]
[WhiteElo "2343"]
[BlackElo "2223"]
[TimeControl "40/5400+30:1800+30"]
[Annotator "NA"]
[EventDate "2018.08.09"]
[PlyCount "68"]
[EventType "tourn"]
[EventCountry "ESP"]

1. d4 Nf6 2. c4 g6 3. Nc3 d5 4. Nf3 Bg7 5. e3 O-O 6. Be2 dxc4 7. Bxc4 c5 8.
O-O cxd4 9. exd4 Nbd7 10. Bf4 Nb6 11. Bb3 Nbd5 12. Be5 e6 13. Re1 a6 14.
Qd2 b6 15. Ne4 Bb7 16. Nd6 Qd7 17. Rac1 Ne8 18. Nxb7 Qxb7 19. Qc2 Nef6 20.
Qc6 Qxc6 21. Rxc6 Rfc8 22. Rec1 Ne7 23. Rxc8+ Rxc8 24. Rxc8+ Nxc8 25. Bc7
b5 26. Ne5 Ne7 27. a4 Nfd5 28. Bd6 Nf5 29. Bc5 Nf4 30. axb5 axb5 31. Kf1
Bxe5 32. dxe5 Nd3 33. Bb6 Nxb2 34. Ke2 Ne7 1/2-1/2

[Event "83rd ESP-ch Women-ch 2018"]
[Site "Linares"]
[Date "2018.08.24"]
[Round "5"]
[White "Lianes Garcia, Marcos"]
[Black "Garza Marco, Sergio"]
[Result "1/2-1/2"]
[WhiteElo "2340"]
[BlackElo "2414"]
[TimeControl "40/5400+30:1800+30"]
[Annotator "ChessBase"]
[EventDate "2018.08.09"]
[PlyCount "122"]
[EventType "tourn"]
[EventCountry "ESP"]

1. e4 Nf6 2. e5 Nd5 3. d4 d6 4. c4 Nb6 5. exd6 exd6 6. Nc3 Be7 7. Be3 O-O
8. Nf3 Bf6 9. h3 Bf5 10. Be2 d5 11. c5 Nc4 12. Bc1 b6 13. b3 Na5 14. Ba3
Re8 15. O-O c6 16. Bd3 Bxd3 17. Qxd3 Nd7 18. Na4 Nb7 19. Rac1 b5 20. Nc3
Nf8 21. Rfe1 a5 22. Rxe8 Qxe8 23. Re1 Qc8 24. Bc1 Ng6 25. Ne2 a4 26. b4 Qc7
27. g3 Qd7 28. Kg2 Nd8 29. Nf4 Ne6 30. Nxg6 hxg6 31. h4 Re8 32. a3 Re7 33.
Re3 Re8 34. Re1 Qc8 35. Re3 Bd8 36. Re2 Bc7 37. Bd2 Qd7 38. Re3 Rc8 39. Re1
Nf8 40. Re3 Qg4 41. Nh2 Qd7 42. Nf3 f6 43. Bc1 Kf7 44. Nh2 Ne6 45. Bb2 Rh8
46. Nf3 g5 47. Kf1 gxh4 48. Nxh4 Nf4 49. gxf4 Rxh4 50. f5 Rh5 51. Rf3 Rh1+
52. Kg2 Rh2+ 53. Kf1 Qe8 54. Rh3 Rxh3 55. Qxh3 Qe4 56. Qh5+ Ke7 57. Qe2 Kf7
58. Qh5+ Ke7 59. Qe2 Bf4 60. Qxe4+ dxe4 61. f3 exf3 1/2-1/2

[Event "83rd ESP-ch Women-ch 2018"]
[Site "Linares"]
[Date "2018.08.24"]
[Round "5"]
[White "Castellanos Gomez, Alejandro"]
[Black "Arroyo Rodriguez, Jesus"]
[Result "1/2-1/2"]
[WhiteElo "2320"]
[BlackElo "2099"]
[TimeControl "40/5400+30:1800+30"]
[Annotator "ChessBase"]
[EventDate "2018.08.09"]
[PlyCount "127"]
[EventType "tourn"]
[EventCountry "ESP"]

1. d4 d5 2. Bf4 c5 3. e3 Nc6 4. c3 Qb6 5. Qb3 c4 6. Qc2 Bf5 7. Qc1 f6 8.
Nf3 g5 9. Bg3 h5 10. h3 e6 11. Nbd2 Bg6 12. Be2 Nh6 13. Bd1 Nf5 14. Bc2 Kf7
15. Qb1 Rh6 16. Bh2 g4 17. Ng1 g3 18. Bxg3 Nxg3 19. fxg3 Bd6 20. Ne2 Bxc2
21. Qxc2 Rg8 22. O-O-O Bxg3 23. Rdf1 Qc7 24. e4 Ne7 25. Rf3 Bh4 26. Rg1
Rhg6 27. Nf4 Rh6 28. Kb1 Bg5 29. Ne2 Rhg6 30. Nf1 dxe4 31. Qxe4 Nd5 32.
Neg3 h4 33. Ne2 Qc6 34. g3 f5 35. Rf2 Bf6 36. Qf3 hxg3 37. Rxg3 Bh4 38.
Rxg6 Rxg6 39. Rh2 Nb4 40. Qxc6 Nxc6 41. Ne3 b5 42. d5 exd5 43. Nxf5 Bd8 44.
Ne3 Rg5 45. Rf2+ Ke8 46. Ng4 Bb6 47. Rf4 Ke7 48. h4 Rg7 49. Nf6 Ke6 50. Nh5
Rf7 51. Rg4 Ne5 52. Nef4+ Kd6 53. Rg3 Rf5 54. Kc2 Bf2 55. Rg5 Rf7 56. Ng6
Nd3 57. Nh8 Re7 58. Rg6+ Kc7 59. Nf6 Re2+ 60. Kb1 Re1+ 61. Kc2 Re2+ 62. Kb1
Re1+ 63. Kc2 Re2+ 64. Kb1 1/2-1/2

[Event "83rd ESP-ch Women-ch 2018"]
[Site "Linares"]
[Date "2018.08.24"]
[Round "5"]
[White "Sole Pijuan, Ferran"]
[Black "Samuel Lares, Jairo"]
[Result "1/2-1/2"]
[WhiteElo "2320"]
[BlackElo "2006"]
[TimeControl "40/5400+30:1800+30"]
[Annotator "ChessBase"]
[EventDate "2018.08.09"]
[PlyCount "116"]
[EventType "tourn"]
[EventCountry "ESP"]

1. d4 f5 2. g3 Nf6 3. Bg2 g6 4. c3 Bg7 5. Qb3 Nc6 6. Nd2 d5 7. Nh3 e5 8.
dxe5 Nxe5 9. O-O O-O 10. Nf4 c6 11. c4 d4 12. c5+ Kh8 13. Nc4 Ne4 14. Nxe5
Bxe5 15. Qc2 Ng5 16. Rd1 Qe7 17. Nxg6+ hxg6 18. f4 Bf6 19. fxg5 Bxg5 20.
Bxg5 Qxg5 21. Qd2 Qe3+ 22. Kh1 Be6 23. Qxd4+ Qxd4 24. Rxd4 Rfd8 25. Rad1
Rxd4 26. Rxd4 Bxa2 27. Bf3 a5 28. h4 a4 29. Rd6 Ra5 30. Rd8+ Bg8 31. Rb8
Rxc5 32. Rxb7 Rc2 33. Ra7 Bb3 34. Ra6 c5 35. Bc6 Rxb2 36. Bxa4 Bxa4 37.
Rxa4 Rxe2 38. Rc4 Re5 39. Kg2 Kg7 40. Kf3 Kf6 41. Kf4 Rd5 42. Ke3 Ke6 43.
g4 fxg4 44. Rxg4 Kf6 45. Rc4 Ke7 46. Rg4 Rd6 47. Rg5 Re6+ 48. Kd3 Kd6 49.
h5 gxh5 50. Rxh5 Kc6 51. Rh8 Rd6+ 52. Kc4 Rd4+ 53. Kc3 Rg4 54. Rc8+ Kd6 55.
Rd8+ Kc7 56. Rh8 Rf4 57. Rg8 Rd4 58. Rh8 Rd7 1/2-1/2

[Event "83rd ESP-ch Women-ch 2018"]
[Site "Linares"]
[Date "2018.08.24"]
[Round "5"]
[White "Domingo Nunez, Ruben"]
[Black "Tejedor Fuente, Enrique"]
[Result "1/2-1/2"]
[WhiteElo "2318"]
[BlackElo "2408"]
[TimeControl "40/5400+30:1800+30"]
[Annotator "ChessBase"]
[EventDate "2018.08.09"]
[PlyCount "64"]
[EventType "tourn"]
[EventCountry "ESP"]

1. e4 c6 2. Nc3 d5 3. Nf3 Bg4 4. h3 Bxf3 5. Qxf3 e6 6. d3 Nd7 7. Bd2 Bb4 8.
Qg3 g6 9. Be2 Bf8 10. O-O Bg7 11. exd5 exd5 12. Rae1 Ne7 13. Bg4 Nf6 14.
Qh4 O-O 15. Bf4 h5 16. Be5 hxg4 17. Bxf6 Bxf6 18. Qxf6 Nf5 19. Qxd8 Rfxd8
20. hxg4 Nd4 21. Re7 b5 22. Rc1 Re8 23. Rxe8+ Rxe8 24. Kf1 Kg7 25. Nd1 Rh8
26. Ke1 f5 27. c3 Ne6 28. gxf5 gxf5 29. g3 Kf6 30. Ne3 f4 31. gxf4 Nxf4 32.
Kd2 Rh3 1/2-1/2

[Event "83rd ESP-ch Women-ch 2018"]
[Site "Linares"]
[Date "2018.08.24"]
[Round "5"]
[White "Balbuena Fuentes, Mario"]
[Black "Merario Alarcon, Andres"]
[Result "0-1"]
[WhiteElo "2306"]
[BlackElo "2406"]
[TimeControl "40/5400+30:1800+30"]
[Annotator "ChessBase"]
[EventDate "2018.08.09"]
[PlyCount "106"]
[EventType "tourn"]
[EventCountry "ESP"]

1. e4 e5 2. Nf3 Nc6 3. Bb5 Nf6 4. d3 Bc5 5. c3 d5 6. exd5 Qxd5 7. Bc4 Qd6
8. Nbd2 O-O 9. Qe2 Be6 10. Ng5 Bxc4 11. Nxc4 Qd7 12. O-O Rfe8 13. Ne4 Be7
14. b4 b5 15. Ne3 Nd5 16. Nxd5 Qxd5 17. Qf3 Red8 18. Rd1 a5 19. bxa5 Rxa5
20. Be3 Qe6 21. Rd2 b4 22. cxb4 Nxb4 23. d4 f5 24. Nc5 Bxc5 25. dxc5 Nd3
26. Qe2 e4 27. f3 Rda8 28. fxe4 fxe4 29. Qh5 h6 30. h3 Ra3 31. Qe2 Qg6 32.
Rf1 Kh7 33. Bd4 R8a4 34. Be3 Ne5 35. Rd8 Rxa2 36. Bd2 Nf3+ 37. Kh1 Rd4 38.
Rxd4 Nxd4 39. Qe1 e3 40. Qxe3 Nf5 41. Rxf5 Qxf5 42. Bc3 Qf1+ 43. Qg1 Qxg1+
44. Kxg1 Kg6 45. Kh2 Kf7 46. Be5 c6 47. Kg3 g6 48. Kf3 Rc2 49. Bd6 Ke6 50.
Bf8 h5 51. g4 Rc3+ 52. Kg2 hxg4 53. hxg4 Ke5 0-1

[Event "83rd ESP-ch Women-ch 2018"]
[Site "Linares"]
[Date "2018.08.24"]
[Round "5"]
[White "Moral Garcia, Serafin"]
[Black "Vega Gutierrez, Sabrina Neide"]
[Result "0-1"]
[WhiteElo "2287"]
[BlackElo "2390"]
[TimeControl "40/5400+30:1800+30"]
[Annotator "NA"]
[EventDate "2018.08.09"]
[PlyCount "54"]
[EventType "tourn"]
[EventCountry "ESP"]

1. e4 c5 2. Nf3 e6 3. d4 cxd4 4. Nxd4 Nc6 5. Nc3 a6 6. Be3 Nf6 7. f3 Bb4 8.
Nxc6 bxc6 9. a3 Be7 10. e5 Nd5 11. Nxd5 cxd5 12. Bd3 d6 $146 13. Bd4 Bh4+
14. g3 dxe5 15. Bxe5 Bf6 16. Qe2 O-O 17. f4 Bxe5 18. Qxe5 Qb6 19. O-O-O Rb8
20. b3 Bd7 21. Kb1 Rfc8 22. Rhe1 Ba4 $15 23. Qb2 g6 24. h4 d4 25. Bf1 Rc3
26. Rd3 Bxb3 27. Ka1 Rxc2 0-1

[Event "83rd ESP-ch Women-ch 2018"]
[Site "Linares"]
[Date "2018.08.24"]
[Round "5"]
[White "Tudela Corbalan, Carlos"]
[Black "Antunez Munoz, Ines"]
[Result "1-0"]
[WhiteElo "2246"]
[BlackElo "1956"]
[TimeControl "40/5400+30:1800+30"]
[Annotator "NA"]
[EventDate "2018.08.09"]
[PlyCount "95"]
[EventType "tourn"]
[EventCountry "ESP"]

1. c4 e5 2. Nc3 Nc6 3. g3 Bc5 4. Bg2 d6 5. e3 a6 6. Nge2 Ba7 7. b3 Nge7 8.
Bb2 O-O 9. d4 exd4 $146 10. exd4 Nf5 11. Nd5 Re8 12. O-O Rb8 13. Qd2 Nce7
14. Nxe7+ Qxe7 15. Nf4 Qg5 16. Rad1 Bd7 17. Qc3 h5 18. Nd5 c6 19. Bc1 Qg6
20. Nf4 Qh6 21. c5 h4 22. g4 Ne7 23. h3 Qf6 24. Nh5 Qg6 25. Nf4 Qf6 26. b4
Rbd8 27. Rfe1 d5 28. Re5 g6 29. Rde1 Nc8 30. Nd3 Bb8 31. Bg5 Qg7 32. Bxd8
Bxe5 33. Nxe5 Rxd8 34. Nxd7 Rxd7 35. Re8+ Kh7 36. Rxc8 Re7 37. g5 f6 38.
Qd2 fxg5 39. Qxg5 Re1+ 40. Kh2 Qe7 41. Qxe7+ Rxe7 42. a4 $18 Kh6 43. Rb8
Rf7 44. Kg1 Kg5 45. b5 axb5 46. axb5 Kf4 47. b6 Kg5 48. Rc8 1-0

[Event "83rd ESP-ch Women-ch 2018"]
[Site "Linares"]
[Date "2018.08.24"]
[Round "5"]
[White "Garcia Romero, Benjamin Abel"]
[Black "Teran Alvarez, Ismael"]
[Result "0-1"]
[WhiteElo "2230"]
[BlackElo "2377"]
[TimeControl "40/5400+30:1800+30"]
[Annotator "NA"]
[EventDate "2018.08.09"]
[PlyCount "84"]
[EventType "tourn"]
[EventCountry "ESP"]

1. e4 c5 2. Nf3 e6 3. d4 cxd4 4. Nxd4 a6 5. Bd3 Qc7 6. Qe2 d6 7. O-O Nf6 8.
f4 Be7 9. Kh1 O-O 10. Bd2 Nbd7 11. Nc3 b5 12. Rae1 b4 13. Nd1 Rb8 $146 14.
e5 Nd5 15. Nf2 Nc5 16. Bc4 Bb7 17. Ng4 Nb6 18. Bd3 Nxd3 19. cxd3 Qc5 20.
Be3 Qd5 21. Bg1 dxe5 22. fxe5 Nd7 23. Rf3 a5 24. Rh3 Bc5 25. Nf3 Be7 26. b3
Ba6 27. Nd4 Rbc8 28. Rf1 Bg5 29. Rh5 Be7 30. Nf6+ Bxf6 31. exf6 Bxd3 32.
Qg4 Nxf6 33. Rxf6 Qd8 34. Rf1 Bxf1 35. Nxe6 fxe6 36. Qxe6+ Kh8 37. Qg6
Bxg2+ 38. Kxg2 Qd2+ $19 39. Kh1 h6 40. Re5 Qc2 41. Qxc2 Rxc2 42. Rxa5 Rf1
0-1

[Event "83rd ESP-ch Women-ch 2018"]
[Site "Linares"]
[Date "2018.08.24"]
[Round "5"]
[White "Alvarez Serrano, Carlos"]
[Black "Anton Guijarro, David"]
[Result "0-1"]
[WhiteElo "2225"]
[BlackElo "2652"]
[Annotator "TA"]
[EventDate "2018.08.09"]
[PlyCount "92"]
[EventType "tourn"]
[EventCountry "ESP"]

1. d4 Nf6 2. Nf3 c5 3. c4 cxd4 4. Nxd4 b6 5. Nc3 Bb7 6. b3 e6 7. Ndb5 $146
Bb4 8. a3 Bxc3+ $1 9. Nxc3 O-O 10. Bg5 h6 11. Bh4 d5 12. cxd5 exd5 13. e3
Nc6 14. Bb5 d4 15. Bxc6 Bxc6 16. Qxd4 Qxd4 17. exd4 Rfe8+ 18. Kf1 Ne4 19.
Nxe4 Rxe4 20. Bg3 Rxd4 21. h4 Rd3 22. b4 a5 23. bxa5 Rxa5 24. Kg1 Raxa3 25.
Rxa3 Rxa3 $15 26. Kh2 b5 27. Rb1 Ra2 28. Kg1 Rc2 29. Bf4 Rc4 30. g3 Rd4 31.
Be3 Ra4 32. Kh2 h5 33. Bc5 f6 34. Kg1 Kf7 35. Kf1 Kg6 36. Bf8 Ra8 37. Bc5
Bf3 38. Ke1 Rd8 $1 39. Be3 Rd5 40. Bd2 Kf5 41. Rb4 g5 42. Rb3 Kg4 43. Rb4+
Kh3 $1 $19 44. Rb3 $2 Kg2 45. Rb4 g4 $1 46. Rf4 f5 0-1

[Event "83rd ESP-ch Women-ch 2018"]
[Site "Linares"]
[Date "2018.08.24"]
[Round "5"]
[White "Diaz Castro, Ismael"]
[Black "Ucles Lirola, Moises"]
[Result "1-0"]
[WhiteElo "2212"]
[BlackElo "1858"]
[TimeControl "40/5400+30:1800+30"]
[Annotator "NA"]
[EventDate "2018.08.09"]
[PlyCount "71"]
[EventType "tourn"]
[EventCountry "ESP"]

1. e4 c5 2. Nc3 d6 3. Nf3 g6 4. d4 cxd4 5. Qxd4 Nf6 6. e5 dxe5 7. Qxd8+
Kxd8 8. Nxe5 Be6 9. Be3 Nbd7 10. O-O-O Kc8 11. Nf3 Ng4 12. Bd4 Bh6+ 13. Kb1
Rd8 14. Be2 Ngf6 15. h4 Nd5 16. Ng5 Nf8 17. Bf3 f6 18. Nxe6 Nxc3+ 19. Bxc3
Nxe6 20. Rde1 Rd6 21. h5 Bf8 22. hxg6 hxg6 23. Rh8 Kd7 24. Bxb7 Rb8 25. Be4
f5 26. Bd3 Nd4 27. g4 Nf3 28. Re3 Nd4 29. gxf5 Nxf5 30. Rf3 Rd8 31. a4 e6
32. Bb4 Ke7 33. Bxf5 gxf5 34. Rd3 Kf7 35. Bxd6 Rxd6 36. Rxf8+ 1-0

[Event "83rd ESP-ch Women-ch 2018"]
[Site "Linares"]
[Date "2018.08.24"]
[Round "5"]
[White "Porta Tovar, Guillem"]
[Black "Fernandez Garcia, Francisco Jose"]
[Result "1-0"]
[WhiteElo "2166"]
[BlackElo "1835"]
[TimeControl "40/5400+30:1800+30"]
[Annotator "NA"]
[EventDate "2018.08.09"]
[PlyCount "97"]
[EventType "tourn"]
[EventCountry "ESP"]

1. e4 c5 2. Nf3 Nc6 3. g3 g6 4. Bg2 Bg7 5. O-O e6 6. Qe2 Nge7 7. d3 d6 8.
c3 Rb8 9. a3 Qc7 10. h4 h5 11. Be3 e5 12. b4 b6 13. Ng5 f6 14. Nh3 O-O 15.
f4 f5 16. Ng5 Bh6 17. Qa2+ Kg7 18. Nd2 Bxg5 19. hxg5 Ba6 20. Qb1 Bc8 21.
Qb2 Kh7 22. Rae1 exf4 23. gxf4 Be6 24. b5 Na5 25. c4 Qd7 26. Qc3 Rbc8 27.
exf5 Bxf5 28. Ne4 Bxe4 29. dxe4 Qe6 30. Rc1 Rce8 31. Bd2 Qg4 32. Rc2 Nb7
33. Kh1 Nd8 34. Bh3 Qe2 35. Be3 Nd5 36. cxd5 Qxb5 37. Qc4 Qxc4 38. Rxc4 b5
39. Rc3 Rxe4 40. f5 Kg7 41. f6+ Kf7 42. Bf4 Nb7 43. Re3 Rxe3 44. Bxe3 Re8
45. Be6+ Kf8 46. f7 Re7 47. Rf6 Nd8 48. Bf4 Nxe6 49. dxe6 1-0